Energy Storage (Record no. 43868)

MARC details
003 - CONTROL NUMBER IDENTIFIER
control field 0000
005 - DATE AND TIME OF LATEST TRANSACTION
control field 20251017090524.0
020 ## - INTERNATIONAL STANDARD BOOK NUMBER
International Standard Book Number 9781032460956
040 ## - CATALOGING SOURCE
Description conventions rda
050 ## - LIBRARY OF CONGRESS CALL NUMBER
Classification number TJ 165 .M53 2025
100 ## - MAIN ENTRY--PERSONAL NAME
Relator code Author
Personal name Michaelides, Efstathios E.
245 ## - TITLE STATEMENT
Title Energy Storage
Remainder of title Driving the Renewable Energy Transition/
Statement of responsibility, etc Efstathios E. Michaelides
264 ## - PUBLICATION, DISTRIBUTION, ETC. (IMPRINT)
Place of publication, distribution, etc Milton Park
Name of publisher, distributor, etc CRC Press
Date of publication, distribution, etc 2025
300 ## - PHYSICAL DESCRIPTION
Extent xviii, 287p.:
Other physical details ill.
336 ## - CONTENT TYPE
Source rdacontent
338 ## - CARRIER TYPE
Source rdacarrier
500 ## - GENERAL NOTE
General note Index and notes
504 ## - BIBLIOGRAPHY, ETC. NOTE
Bibliography, etc Index and notes
650 ## - SUBJECT ADDED ENTRY--TOPICAL TERM
Source of heading or term Energy storage Renewable energy
942 ## - ADDED ENTRY ELEMENTS (KOHA)
Source of classification or shelving scheme Library of Congress Classification
Koha item type Books
Holdings
Withdrawn status Lost status Source of classification or shelving scheme Damaged status Not for loan Permanent Location Current Location Date acquired Inventory number Total Checkouts Full call number Date last seen Price effective from Koha item type
    Library of Congress Classification     NILE UNIVERSITY OF NIGERIA - MAIN LIBRARY NILE UNIVERSITY OF NIGERIA - MAIN LIBRARY 10/17/2025 0199344   TJ 165 .M53 2025 10/17/2025 10/17/2025 Books